header

Neural nets WIRN10 (Record no. 126257)

MARC details
000 -LEADER
fixed length control field 01560nam a2200325 a 4500
245 10 - TITLE STATEMENT
Title Neural nets WIRN10
260 ## - PUBLICATION, DISTRIBUTION, ETC. (IMPRINT)
Place of publication Washington, D.C. :
Name of publisher IOS Press,
Year of publication 2011.
300 ## - PHYSICAL DESCRIPTION
Number of Pages ix, 338 p.
490 1# - SERIES STATEMENT
Series statement Frontiers in artificial intelligence and applications. Knowledge-based intelligent engineering systems,
650 #0 - SUBJECT ADDED ENTRY--TOPICAL TERM
Topical Term Neural networks (Computer science)
700 1# - ADDED ENTRY--PERSONAL NAME
Personal name Apolloni, Bruno,
856 40 - ELECTRONIC LOCATION AND ACCESS
Uniform Resource Identifier http://site.ebrary.com/lib/rucke/Doc?id=10460198

No items available.

© 2026 Rongo University
Contact us: librarian | system librarian | Rongo university